Statistiques concernant Paroles "Les Aristocats" - Les aristochats (Disney)

Cliquez ici pour prendre le quiz!

Statistiques générales

  • Ce quiz a été pris 191 fois
  • Le résultat moyen est 119 sur 196

Statistiques - réponses

Paroles% Correct
le
96%
les
84%
de
83%
chats
81%
aristocats
78%
qui
78%
sont
77%
Quels
73%
quels
73%
la
72%
72%
un
71%
mais
70%
ils
69%
se
69%
naturellement
67%
leur
65%
65%
gouttière
63%
quand
62%
grand
60%
quartiers
60%
chouchous
58%
font
58%
petit
58%
toujours
58%
aux
57%
beaux
57%
dans
57%
même
57%
monde
57%
tour
56%
éducation
55%
habitent
55%
miaou
55%
fiers
54%
grands
54%
et
53%
ont
53%
plus
53%
poubelles
53%
préfèrent
53%
trop
53%
vont
53%
des
52%
oh
52%
minets
51%
gros
50%
vulgaires
49%
chapeau
48%
prélassent
48%
contentent
47%
mots
47%
ruelles
47%
dont
46%
tirent
46%
pedigree
45%
soie
45%
précieux
44%
sans
44%
autres
43%
bars
41%
très
41%
dédaignant
40%
doux
38%
défaut
37%
devant
37%
voyons
37%
Joconde
36%
réprouvent
35%
s'estiment
35%
savent
34%
trésors
34%
long
33%
profils
33%
tenir
33%
gourmets
32%
refusant
30%
mimis
25%
ersatz
22%
pouah
22%

Distribution des résultats

Percentile par nombre de réponses

% des personnes avec chaque résultat

Votre développement - résultats

Vous n’avez pas pris ce quiz